000 00591nam a22002057a 4500
003 SEM
005 20260327165950.0
008 260325s2025 fr ||||gr||||||01|||fr |d
020 _a9791094182338
040 _aSEM
_cSEM
041 _afr
080 _a002(47.925)/T-84
245 _aTresors armeniens d'une culture en mouvement 1512-1828 /
_cEdt.: M. K. Yevadian
260 _aLyon :
_bSources dArmenie,
_c2025.
300 _a463 p. ;
_bphoto ;
_c23 cm
650 _aSpiritual treasures
_xHistory of books
653 _aՍԷՄ
700 _aYevadian, Maxime K.
_eedt.
942 _2udc
_cBK
_n0
999 _c77216
_d77216